| 000 -CABECERA |
| Longitud fija campo de control |
00496nam a2200169 a 4500 |
| 001 - NÚMERO DE CONTROL |
| Número de control |
5879 |
| 003 - IDENTIFICADOR DEL NÚMERO DE CONTROL |
| Identificador del número de control |
CDMR |
| 005 - FECHA Y HORA DE LA ÚLTIMA TRANSACCIÓN |
| Fecha y hora de la última transacción |
20130613113221.0 |
| 008 - CÓDIGOS DE INFORMACIÓN DE LONGITUD FIJA |
| Códigos de información de longitud fija |
130220s2000||||||||||||||||||||||||||||d |
| 040 ## - FUENTE DE LA CATALOGACIÓN |
| Centro catalogador de origen |
CDMR |
| Lengua de catalogación |
cat |
| Centro transcriptor |
CDMR |
| 245 #3 - MENCIÓN DE TÍTULO |
| Título |
El lenguaje, más que palabras |
| Resto del título |
: propuesta para un uso no sexista del lenguaje |
| 260 ## - PUBLICACIÓN, DISTRIBUCIÓN, ETC. (PIE DE IMPRENTA) |
| Lugar de publicación, distribución, etc. |
Bilbao |
| Nombre del editor, distribuidor, etc. |
Instituto Vasco de la Mujer |
| Fecha de publicación, distribución, etc. |
2000 |
| 300 ## - DESCRIPCIÓN FÍSICA |
| Extensión |
34 p ; |
| Dimensiones |
12 cm |
| 650 04 - PUNTO DE ACCESO ADICIONAL DE MATERIA - TÉRMINO DE MATERIA |
| 9 (RLIN) |
3167 |
| Término de materia o nombre geográfico como elemento inicial |
Estudis de dones |
| 650 04 - PUNTO DE ACCESO ADICIONAL DE MATERIA - TÉRMINO DE MATERIA |
| 9 (RLIN) |
3768 |
| Término de materia o nombre geográfico como elemento inicial |
Sexisme en el llenguatge |
| 942 ## - ENTRADA DE ELEMENTOS AGREGADOS (KOHA) |
| Koha [por defecto] tipo de item |
Monografies |
| Fuente de clasificaión o esquema |
|